[Event "Lippstadt 11th"]
[Site "Lippstadt"]
[Date "2003.08.08"]
[Round "2"]
[White "Chiburdanidze, Maia"]
[Black "Schenk, Andreas"]
[Result "1-0"]
[WhiteElo "2497"]
[BlackElo "2491"]
[Annotator "Ribli,Z"]
[PlyCount "69"]
[EventDate "2003.08.07"]
[EventType "tourn"]
[EventRounds "11"]
[EventCountry "GER"]
[EventCategory "9"]
[SourceTitle "CBM 097"]
[Source "ChessBase"]
[SourceDate "2003.11.11"]
[SourceVersion "1"]
[SourceVersionDate "2003.11.11"]
[SourceQuality "1"]

1. d4 Nf6 2. c4 e6 3. Nf3 d5 4. Nc3 dxc4 5. e4 Bb4 6. Bg5 c5 7. e5 {Dieser Zug
wird heututage selten gespielt - die Hauptvariante ist 7.Bxc4.} h6 (7... cxd4
8. Nxd4 (8. Qa4+ Nc6 9. O-O-O Bd7 10. Ne4 Be7 11. exf6 gxf6 12. Bh4 Rc8 $13)
8... Qa5) 8. exf6 {Dieser Zug führt zu Vereinfachungen. Die Alternative wäre 8.
Bd2.} hxg5 9. fxg7 Rg8 10. dxc5 (10. Bxc4 $6 g4 $1) 10... Qxd1+ 11. Rxd1 Rxg7
12. Rd4 $5 {[%csl Gd4][%cal Gd4b4,Gd4g4] Weiß nimmt (noch) nicht auf c4,
sondern bringt seinen Turm ins Spiel.} (12. Bxc4 Nc6 (12... Ke7 13. O-O Bxc3
14. bxc3 Nd7 15. c6 bxc6 16. Rfe1 Nb6 17. Bb3 c5 $11 {0-1 Ubilava,E-Zaichik,G/
Tbilisi 1988/TD (40)}) (12... Nd7 $5 13. c6 bxc6 14. O-O $11) 13. O-O Bxc5 14.
Ne4 Be7 15. g4 Bd7 16. Nd6+ Bxd6 17. Rxd6 Ke7 18. Rfd1 Be8 {1/2-1/2 Goldin,
A-Nielsen,P/Moscow 2001/CBM 86/[Heine Nielsen] (35)}) (12. h4 g4 13. Nd2 Nd7
14. Nxc4 Nxc5 15. Rd4 (15. g3 Na4 16. a3 Nxc3 17. Rd3 Nd5+ 18. axb4 Nxb4 19.
Rb3 Nc2+ 20. Kd2 Nd4 21. Ra3 Bd7 22. Bg2 {1/2-1/2 Cebalo,M-Yudasin,L/Bern 1989/
CBM 11 (28)}) 15... Ke7 16. Ne5 Bxc3+ 17. bxc3 g3 18. h5 Bd7 19. h6 {1/2-1/2
Knott,S-Rowson,J/Torquay 2002/CBM 91 (56)}) 12... Bxc5 13. Rg4 Bd7 14. Bxc4 Be7
(14... f6 $5 15. h4 Rh7 {[%cal Gh7h1]} 16. Re4 Kf7 17. Nd4 Bxd4 18. Rxd4 Ke7
$11) 15. h4 f5 (15... e5 $6 16. Rg3 $16 (16. Rxg5 Bxg5 17. hxg5 Ke7 18. Rh8 $16
)) 16. Rxg5 $1 {[%mdl 512]} (16. Rg3 f4 17. Rxg5 Bxg5 18. hxg5 (18. Nxg5 $44)
18... Ke7 19. Rh8 $44) 16... Bxg5 17. hxg5 Ke7 18. Rh8 $44 {[%csl Ra8,Rb8]
[%cal Gh8a8] Weiß hat einen Bauern und aktives Figurenspiel, als Kompensation
für die Qualität. Die Fesselung auf der Grundlinie macht das schwarze Leben
schwer.} a6 19. Ne2 {[%cal Ge2f4,Gf4h5] Der Springer zielt nach f4.} b5 20. Bb3
a5 21. Nf4 {[%csl Gb3,Gf3,Gf4,Gg5,Gh8][%mdl 2048] Weiß hat ausgezeichnetes
Figurenspiel und mehr als ausreichende Kompensation für das geopferte Material.
} a4 22. Bd1 Kd6 23. Nd4 {[%cal Rd1f3,Rf3a8]} Ra5 (23... a3 24. b4 $16) (23...
e5 24. Rh6+ (24. Bf3 $2 e4 $17) 24... Ke7 25. Nd5+ (25. Nde6 Bxe6 26. Rxe6+ Kd7
(26... Kf7 $4 27. Bh5+ $18) 27. Rxe5 Rxg5 28. Rxb5 Nc6 $11) 25... Kf8 26. Nb6
exd4 27. Rh8+ Ke7 (27... Rg8 28. Rxg8+ Kxg8 29. Nxa8 Na6 30. Nb6 Be6 31. Be2
$14) 28. Nxa8 Nc6 29. Nb6 Be6 30. Be2 $14) 24. Rxb8 e5 {[%cal Re5d4,Re5f4] Das
ist die Pointe des schwarzen Spiels, die weißen Springer hängen auf d4 und f4.}
25. Nde6 $1 $18 {[%csl Rd6,Ge6,Gf4] Nach diesem Springerzug kann Weiß seinen
Vorteil befestigen. Schwarz kann nichts machen.} Re7 (25... Bxe6 26. Rb6+ $18)
26. Rb6+ Bc6 27. Bf3 exf4 (27... e4 28. Bh5 $18) 28. Rxc6+ Kd7 (28... Ke5 29.
Nc5 Kd4+ 30. Kd2 $18) 29. Bd5 f3 (29... b4 30. Rc7+ Kd6 31. Rxe7 Kxe7 32. Nxf4
$18) 30. gxf3 b4 31. Rc7+ Kd6 32. Rxe7 Kxe7 33. Bc4 Ra8 34. Kd2 Rh8 35. Nd4 1-0

[Event "United Insurance 5th"]
[Site "Dhaka"]
[Date "2001.02.24"]
[Round "6"]
[White "Prakash, GB."]
[Black "Barsov, Alexei"]
[Result "1/2-1/2"]
[WhiteElo "2453"]
[BlackElo "2500"]
[Annotator "Ribli,Z"]
[PlyCount "46"]
[EventDate "2001.02.19"]
[EventType "tourn"]
[EventRounds "13"]
[EventCountry "BAN"]
[EventCategory "8"]
[SourceTitle "CBM 082"]
[Source "ChessBase"]
[SourceDate "2001.05.17"]
[SourceVersion "1"]
[SourceVersionDate "2001.05.17"]
[SourceQuality "1"]

1. d4 e6 2. c4 Nf6 3. Nf3 d5 4. Nc3 dxc4 {Dieser Zug leitet die sogenannte
Wiener Variante ein. In der Folge bekommt Weiß Raumvorteil und Initiative im
Zentrum, aber aucht Schwarz erhält dank lebendigen Figurenspiels seine Chancen.
} 5. e4 Bb4 6. Bg5 c5 7. Bxc4 {Die Alternative 7.e5 ist ein seltener Gast in
der modernen Turnierpraxis.} cxd4 8. Nxd4 Qa5 {Dieser Zug wird relativ selten
gespielt - die Hauptfortsetzung ist 8...Bxc3+.} 9. Bd2 {Weiß festigt die
Stellung des Nc3. Anschließend möchte er a2-a3 ziehen, wonach sich die
Stellung der schwarzen Dame auf a5 als nachteilig erweisen würde.} (9. Bxf6)
9... O-O (9... Qc5) 10. Qe2 (10. Nc2 Bxc3 (10... Qc7 11. Qe2 Be7 12. O-O $14)
11. Bxc3 Qg5 12. Qe2 (12. Qf3 Nbd7) 12... Qxg2 13. O-O-O Qxe4 14. Rhg1 (14. Ne3
e5 15. Rhg1 Be6 16. Bd3 Qf4 17. Rg3 Rc8 18. Kb1 b5 19. Rdg1 Nbd7 20. Rxg7+ Kf8
21. Qd2 Nc5 22. Bb4 a5 23. Bxb5 Nfe4 {0-1 Murzin,L-Donchenko,A/Voronezh 2000/
EXT 2001 (32)}) 14... g6 15. Ne3 e5 16. f4 $1 Be6 17. Bd3 Qxf4 18. Rgf1 Qh4 (
18... Qg5 $1) 19. Be1 Qa4 20. Rxf6 Nc6 {1/2-1/2 Kasparov,G-Morozevich,A/
Sarajevo 2000/CBM 77/(26)}) 10... Rd8 (10... Nbd7 11. O-O (11. a3 Ne5 12. Ba2
Qb6 13. Ndb5 Bc5 (13... Bxc3 14. Bxc3) (13... Be7 14. Be3) 14. f4 Ng6 (14...
Neg4 15. e5 Nf2 16. Rf1 $16) 15. e5 $16) 11... Ne5 12. Bb3 Qa6 13. Ndb5 Bd7 14.
a4 Qb6 15. Bf4 a6 16. Bxe5 axb5 17. Nxb5 {1-0 Almasi,I-Turner,J/Pardubice 2000/
EXT 2001 (62)}) (10... Nc6 $6 11. Nxc6 bxc6 12. a3 $16) (10... e5 11. Nb3 Qc7
12. O-O Bg4 13. f3 Bd7 14. Rac1 Nc6 15. Bg5 $14) 11. Nc2 $146 {Weiß möchte
sich das Läuferpaar verschaffen.} (11. Nf3 Nc6 12. a3 Bxc3 13. Bxc3 Qh5 14. O-O
b6 15. Qe3 Bb7 16. Qf4 Na5 17. Bxf6 gxf6 18. Ba2 {1/2-1/2 Summerscale,A-Wells,
P/Millfield 2000/CBM 77 ext (40)}) (11. Nb3 Qc7 12. O-O (12. a3 Bxc3 13. Bxc3
e5 14. O-O Nc6 (14... Bg4 15. f3 Bd7 16. Rad1 Nc6 17. Rd2 Rac8 18. Rfd1) 15.
Rfd1) 12... Nc6 13. Rad1 (13. Rac1) 13... Ne5 14. Bb5 Bd7 (14... a6 $5) 15.
Bxd7 Bxc3 16. Bxc3 Rxd7 17. Rc1 $14 {1-0 Akopian,V-Piket,J/Dortmund 2000/CBM
78/[Ftacnik] (25)}) 11... Nc6 12. O-O (12. Nxb4 Qxb4 $15 {[%csl Yd4][%cal
Gc6d4]}) (12. a3 Bxc3 (12... Rxd2 13. Qxd2 Bxc3 (13... Nxe4 14. axb4 Nxd2 (
14... Qxa1+ $2 15. Nxa1 Nxd2 16. Kxd2 $18) 15. bxa5 Nxc4 16. b4 $14) 14. Qxc3
Qxc3+ 15. bxc3 Nxe4 16. Rc1 Nxc3 17. Nb4 $14) 13. Bxc3 Qg5 14. O-O e5 $11)
12... Nxe4 $5 {Schwarz muss diesen Bauerngewinn mit weißer Initiative bezahlen.
} (12... e5 $11) 13. Nxe4 (13. Nxb4 Nxd2 14. Nxc6 bxc6 15. Rfd1 Nxc4 16. b4 Qc7
17. Rxd8+ Qxd8 18. Qxc4 $15 {Schwarz hat einen Bauern mehr, aber die weiße
Stellung ist aktiv.} (18. Rd1 Qe7 (18... Nd6 19. Ne4 $44) 19. Qxc4 Bb7 $15))
13... Bxd2 {[%mdl 1024]} 14. f4 $44 {Weiß kümmert sich nicht um den Bd2,
sondern startet einen Angriff am Königsflügel.} (14. Rad1 Bf4 15. Rxd8+ Qxd8
16. Rd1 Qc7 17. g3 Be5 18. b4 a6 19. a4 $44) 14... Bb4 (14... Nd4 15. Nxd4 Rxd4
16. Rad1 Qb6 17. Kh1 Bb4 18. Rxd4 Qxd4 19. Rd1 $44) 15. f5 (15. a3 $5) 15...
Be7 (15... exf5 $5 {Nach diesem Zug wird zwar der Bc4 gefährlich, aber ich
sehe keine konkrete Wiederlegung.} 16. Nxb4 Qxb4 (16... Nxb4 17. Ng5 Nd5 18.
Qh5 Qc5+ 19. Kh1 Qxc4 20. Qxh7+ Kf8 21. Rfe1 Be6 22. Qh8+ Ke7 23. Qxg7 $13) 17.
Ng5 Qc5+ 18. Kh1 Ne5 $17) 16. f6 Bf8 (16... gxf6 17. Nxf6+ Bxf6 18. Rxf6 Rd2
19. Qg4+ Kf8 20. Ne3 $13) 17. fxg7 (17. Rad1 Rxd1 18. Rxd1 Qe5) 17... Bxg7 18.
Nf6+ {[%mdl 128]} Kf8 {Schwarz verteidigt nicht den Ph7, sondern strebt mit
seinem König nach e7. Das sieht ein wenig sonderbar aus, weil die Damen noch
auf dem Brett sind.} (18... Bxf6 19. Rxf6 {Durch Zugumstellung haben wir die
Variante 16...gxf6 17.Nxf6+ Bxf6 18.Rxf6 erreicht.}) (18... Kh8 $5) 19. Nxh7+
Ke7 $13 20. Qg4 (20. Qf2 $5 Ne5 (20... Qb6 21. Ne3 f5 22. Rae1 Ne5 23. Qh4+ $36
) 21. Qh4+ Ke8 22. Qg5 $36) 20... Bxb2 21. Rae1 (21. Rab1) 21... f5 (21... Rd2
22. Qh4+ Ke8 23. Ne3 $44) 22. Qh4+ (22. Qxf5 Qxf5 23. Rxf5 Rd2 24. Bb3 Nd4 $15)
(22. Rxf5 Bd4+ 23. Kh1 Qxe1+ 24. Nxe1 exf5 $13) 22... Kd6 23. Ng5 {Weiß hat
einen Bauern weniger, aber der gegnerische König steht unsicher in der Mitte.}
Re8 {In dieser - völlig unklaren - Stellung einigte man sich auf Remis. Weiß
hat Angriffschancen, aber die schwarze Stellung wirkt verteidigungsfähig.} (
23... Re8 24. Qh5 $44) 1/2-1/2

[Event "EU-ch 4th"]
[Site "Istanbul"]
[Date "2003.06.08"]
[Round "9"]
[White "Nielsen, Peter Heine"]
[Black "Sargissian, Gabriel"]
[Result "1/2-1/2"]
[WhiteElo "2625"]
[BlackElo "2572"]
[Annotator "Ribli,Z"]
[PlyCount "136"]
[EventDate "2003.05.30"]
[EventType "swiss"]
[EventRounds "13"]
[EventCountry "TUR"]
[SourceTitle "CBM 096"]
[Source "ChessBase"]
[SourceDate "2003.09.25"]
[SourceVersion "1"]
[SourceVersionDate "2003.09.25"]
[SourceQuality "1"]

1. d4 Nf6 2. c4 e6 3. Nf3 d5 4. Nc3 dxc4 5. e4 Bb4 6. Bg5 c5 7. Bxc4 cxd4 8.
Nxd4 Bxc3+ 9. bxc3 Qa5 10. Bb5+ {Das ist die prinzipielle Fortsetzung für Weiß.
Die Alternativen - 10.Bxf6 und 10.Nb5 - bieten ihm wenige Hoffnungen auf
Eröffnungsvorteil.} Nbd7 (10... Bd7) 11. Bxf6 Qxc3+ 12. Kf1 gxf6 13. h4 a6 14.
Rh3 Qa5 15. Be2 Nc5 16. Nb3 Nxb3 17. Qxb3 b6 {Das ist eine Grundstellung der
Wiener Variante. Weiß hat eine aktive Stellung und der schwarze König steht in
der Mitte. Andererseits hat Schwarz einen Bauern mehr und die Stellung ist
sehr konkret, wo die Computer-Analyse große Bedeutung hat.} 18. Rb1 (18. Rd1
Bd7 (18... Bb7 19. Qb2 Qe5 20. Qxb6 Bxe4 21. Rg3 f5 22. Bxa6 (22. Kg1 h6 23.
Qb4 f4 $13 24. Rg4 Rb8 25. Qa3 a5 26. Bf3 Rb4 $5 $15 {1/2-1/2 Topalov,V-Van
Wely,L/Wijk aan Zee 2001/CBM 81/[Ribli] (49)}) 22... Ke7 $1 23. Qb4+ Kf6 24.
Qd2 f4 $1 (24... h6 $2 25. f4 Qc5 $6 (25... Qc7 $1 26. Qb2+ Ke7 27. Rg6 $1 Rhd8
$1 28. Qf6+ Kf8 29. Qh8+ Ke7 $11) 26. Qb2+ Ke7 27. Rg6 $3 {1-0 Dautov,
R-Schlosser,P/Lippstadt 2000/CBM 78/[Dautov] (43)}) 25. Rg4 Rxa6 26. Rxf4+ Bf5
27. g4 Rg8 28. gxf5 Qb5+ 29. Qd3 Qxd3+ 30. Rxd3 e5 31. Rff3 Rg4 $15 {Dautov})
19. Qb2 Qe5 20. Qxb6 Bb5 21. Kg1 O-O 22. Qe3 Bxe2 23. Qxe2 Kh8 24. Rg3 Rg8 {
1/2-1/2 Bu Xiangzhi-Aronian,L/Goa IND 2002 (46)}) (18. Rc1 $6 Bb7 19. Qb2 Qe5
20. Qxb6 Bxe4 21. Rg3 f5 22. Rd1 Rb8 23. Qa7 Rb7 24. Qxa6 Ke7 25. Qa3+ Kf6 26.
Qc1 h6 27. Bd3 Rc7 28. Qa1 Qxa1 29. Rxa1 f4 {0-1 Nielsen,P-Khenkin,I/Germany
1999/EXT 2000 (57)}) (18. Qb2 Qe5 19. Qxe5 fxe5 20. Rb3 b5 {1/2-1/2 Fang,
J-Galyas,M/Budapest HUN 2003/ (20)}) 18... Bb7 (18... Bd7 19. Qb2 Ke7 20. Ra3
Qe5 (20... Qc5 $1 21. Rxa6 Rxa6 22. Bxa6 Ra8 $11) 21. Qxe5 fxe5 22. Rxb6 Rhb8
23. Rxb8 Rxb8 24. g4 Bc6 25. f3 Rb1+ 26. Kf2 Rb2 27. Ke3 Bb5 {1/2-1/2 Atalik,
S-Richter,M/Berlin 2000/EXT 2002/[Atalik] (37)}) 19. Re3 {Das ist das letzte
Wort der Theorie in dieser Variante. Weiß verteidigt e4, da Schwarz im Falle
von 19.Qxb6 den e4-Bauern bekommt - mit gleichen Chancen.} (19. Qxb6 Qxb6 20.
Rxb6 Bxe4 21. Bxa6 f5 $1 22. Rc3 Ke7 23. f3 Bd5 {[%csl Gd5]} 24. Rc7+ Kf6 25.
a4 Rhb8 {1/2-1/2 Van Wely,L-Movsesian,S/Polanica Zdroj 2000/CBM 79/[Ribli] (46)
}) 19... Rc8 (19... Ke7 20. Qxb6 Qxb6 21. Rxb6 $14 Ra7 22. f3 Rc8 23. Ra3 Rc1+
24. Kf2 Rc2 25. Ke3 Bc8 26. g3 Rac7 27. Bxa6 Bxa6 28. Rbxa6 e5 29. Ra7 {
1-0 Maiorov,N-Sypnicki,D/Halkidiki 2001/EXT 2002 (56)}) (19... b5 20. a4 $14)
20. Kg1 {Endlich bringt Weiß seinen König in Sicherheit. Jetzt hängt b6.} (20.
Qxb6 $4 Qxb6 21. Rxb6 Rc1+ $19) (20. f3 b5 21. a4 Qc7 $132) 20... b5 21. a4 Bc6
(21... O-O 22. Qb2 e5 23. axb5 axb5 24. Bxb5 $14) 22. Rc3 $1 $36 {[%csl Gc3]
[%cal Gc1c8,Gc3g3][%mdl 4] Mit diesem starken Turmzug kann Weiß entweder auf
der c-Linie verdoppeln oder Rg3 (im Falle der Rochade) spielen.} (22. axb5 Bxb5
23. Bxb5+ (23. Qb2 $5) 23... Qxb5 24. Qxb5+ axb5 25. Rxb5 O-O $14 {Weiß hat
minimalen Vorteil wegen der besseren Bauernstruktur, aber Schwarz hat gute
Remisaussichten.}) 22... O-O (22... bxa4 $2 23. Qc2 $18) (22... Qxa4 $2 23.
Qxa4 bxa4 24. Bxa6 $16) 23. Qb2 {[%cal Rb2f6,Rc3g3,Rg3g8]} Bxe4 $8 {Nach
diesem Zug verliert Schwarz eine Figur, aber das ist die einzige praktische
Gegenchance.} (23... e5 24. Qc1 $1 $16 {[%cal Rc1c8,Rc1h6]}) 24. Rg3+ Bg6 25.
h5 (25. Qxf6 $5 Qd8 26. Qxd8 Rfxd8 27. h5 (27. axb5 Kf8 $11) 27... Rc2 28. Bf1
bxa4 29. hxg6 hxg6 30. Ra3 Rdd2 31. f3 Ra2 32. Ra1 Rxa1 33. Rxa1 $16 {Weiß ist
klar im Vorteil - die Frage ist nur, ob das zum Gewinn genug ist?}) 25... e5
26. hxg6 hxg6 27. axb5 axb5 28. Qxb5 $14 {Schwarz hat nur zwei Bauern für die
Figur. Anderseits ist die Verwertung des Materialsvorteils sehr schwer.} Qd2 $1
{Das ist eine gute Idee für Schwarz - wenn möglich, die Damen auf dem Brett
halten.} 29. Bf1 Kg7 30. Rd3 Qh6 31. Rbd1 Rh8 {[%cal Rh8h1,Rh1g1]} 32. Rh3 Qg5
33. Rd7 $5 (33. Rxh8 Rxh8 $16) 33... Rxh3 {[#]} 34. Rxf7+ $1 Kg8 (34... Kxf7
35. Qd7+ $18 {Interessanterweise gewinnt Weiß beide Türme.}) 35. Rc7 Rxc7 36.
Qb8+ Kg7 37. Qxc7+ Kh6 (37... Kg8 $4 38. Bc4+ $18) 38. Qc8 {[%csl Rh3,Rh6]
[%cal Rc8h8,Rh8h6,Rc8h3]} Qf5 39. Qh8+ $2 (39. Qxf5 $1 gxf5 40. gxh3 {Das
Material ist reduziert und das Endspiel B + h-Bauern ist theoretisch Remis, da
Weiß den "schlechten" Läufer ha (mit dunkelfarbigen Läufer wäre die Stellung
gewonnen, da das h8-Feld schwarz ist). Aber ich kann nicht sehen, wie Schwarz
den f2-Bauern tauschen oder vernichten kann. Wenn nicht, gewinnt Weiß das
Endspiel.} e4 (40... Kg5 41. Bb5 e4 (41... f4 42. Bc6 f5 43. Kf1 $18 (43. f3 $2
e4 44. Bxe4 fxe4 45. fxe4 f3 $11)) 42. Bc6 Kf4 43. h4 Kg4 44. Bd7 $18) 41. Bg2
Kg5 42. Kf1 Kf4 43. h4 Kg4 44. Bh3+ $18) 39... Kg5 40. gxh3 {[%mdl 4096]} (40.
Qxh3 Qxh3 41. gxh3 Kf4 $11) 40... Qf4 $14 41. Qf8 e4 {[%cal Ge4e3] Die
schwarze Strategie ist einfach - er möchte so viel wie möglich Material
tauschen.} 42. Qa3 Kh6 43. Kg2 $6 (43. Qg3 $5) 43... f5 44. Qf8+ Kh7 45. Qe7+
Kh6 46. Qa3 Qg5+ 47. Kh2 Qf4+ 48. Qg3 Qd2 (48... Qxg3+ 49. Kxg3 g5 50. h4 Kg6
51. Bb5 $18) 49. h4 f4 (49... g5) 50. Qg5+ Kh7 51. Qe7+ Kh6 52. Qg5+ Kh7 53.
Kg1 e3 54. Qe7+ (54. Qxf4 exf2+ 55. Qxf2 Qxf2+ 56. Kxf2 $11) 54... Kh6 55. Qg5+
Kh7 56. fxe3 Qxe3+ 57. Kh1 Qe4+ 58. Kh2 (58. Bg2 Qe1+ 59. Kh2 Qg3+ $11) 58...
Qe3 59. Qf6 Qf2+ 60. Bg2 Qg3+ 61. Kg1 f3 $11 62. Qe7+ (62. Qxf3 Qxf3 63. Bxf3
$11) 62... Kh6 63. Qg5+ Qxg5 64. hxg5+ Kxg5 65. Bxf3 {Man kann diese Stellung
ruhig Remis geben.} Kf4 66. Bh5 g5 (66... gxh5 $11) 67. Kg2 g4 68. Bxg4 Ke5
1/2-1/2

[Event "Corus"]
[Site "Wijk aan Zee"]
[Date "2001.01.17"]
[Round "4"]
[White "Topalov, Veselin"]
[Black "Van Wely, Loek"]
[Result "1/2-1/2"]
[WhiteElo "2718"]
[BlackElo "2700"]
[Annotator "Ribli,Z"]
[PlyCount "97"]
[EventDate "2001.01.13"]
[EventType "tourn"]
[EventRounds "13"]
[EventCountry "NED"]
[EventCategory "19"]
[SourceTitle "CBM 081"]
[Source "ChessBase"]
[SourceDate "2001.03.20"]
[SourceVersion "1"]
[SourceVersionDate "2001.03.20"]
[SourceQuality "1"]

1. Nf3 d5 2. d4 Nf6 3. c4 e6 4. Nc3 dxc4 {Der holländische GM spielt gerne
diese Variante - und zwar mit beiden Farben.} 5. e4 Bb4 6. Bg5 c5 7. Bxc4 cxd4
8. Nxd4 Bxc3+ {Das ist die prinzipielle Fortsetzung, aber 8...Qa5 ist auch
spielbar.} 9. bxc3 Qa5 10. Bb5+ {Es gibt so viele Partien in dieser Variante,
doch es scheint, dass dieses Läuferschach die beste Fortsetzung für Weiß
darstellt. Die Alternativen 10.Bxf6 und 10.Nb5 werden seltener gespielt.} Nbd7
(10... Bd7) 11. Bxf6 Qxc3+ 12. Kf1 gxf6 13. h4 {[%cal Gh1h3,Gh3a3] Das ist
noch eine bekannte theoretische Stellung. Weiß bringt seinen Turm über h3 ins
Spiel.} a6 14. Rh3 Qa5 (14... Qb4) 15. Be2 Nc5 (15... O-O 16. Rc1) (15... Ke7
16. Nb3 Qb6 17. Qc1 Rd8 18. Rd3 Nf8 19. Qa3+ Ke8 20. Rxd8+ Qxd8 21. Na5 $40 {
Hier bekommt Weiß mehr als ausreichende Kompensation für den Bauern.}) 16. Nb3
{Weiß tauscht den guten schwarzen Springer ab. Die zugrundeliegende
positionelle Regel ist auch in dieser konkreten Stellung gültig .} Nxb3 17.
Qxb3 (17. Rxb3 Ke7 18. Qc1 Rd8 19. Rab1 Qd2 20. Qc7+ Rd7 21. Qg3 b5 22. Qg7 Rc7
23. Rd3 Rc1+ 24. Rxc1 Qxc1+ 25. Rd1 Qc5 26. Qxh7 Bb7 27. f3 Qe5 {1/2-1/2
Pogorelov,R-Kolev,A/Villarrobledo 2000/EXT 2001 (57)}) 17... b6 $1 {Das ist
bei weitem die beste Verteidigung für Schwarz. Anschließend kann er mit dem
Entwicklungszug Bb7 den Pe4attackieren.} (17... Qc7 18. Rd1 Bd7 19. Qb2 $1
O-O-O $8 20. Rc1 Bc6 21. Bxa6 $1 {1-0 Akopian,V-Horvath,C/Niksic 1991/Inf 51/
[Akopian,V] (34)}) (17... e5 18. Rf3 Qd8 19. Rc1 $1 $16 {1-0 Kramnik,
V-Kaidanov,G/Groningen 1993/Inf 59/[Kramnik,V] (31)}) 18. Rd1 (18. Rb1 Bb7 19.
Qxb6 Qxb6 20. Rxb6 Bxe4 21. Bxa6 f5 22. Rc3 Ke7 23. f3 Bd5 24. Rc7+ Kf6 25. a4
Rhb8 26. Rxb8 Rxb8 {1/2-1/2 Van Wely,L-Movsesian,S/Polanica Zdroj 2000/CBM 79
no vc (46)}) (18. Rc1 $6 Bb7 19. Qb2 (19. Rc7 Bxe4 20. Re3 Bd5 21. Qb2 b5 22.
Rec3 Rd8 23. Rc1 e5 24. a3 O-O 25. R7c3 Kh8 26. Rg3 Rg8 27. Rcc3 Rxg3 28. Rxg3
Be6 {0-1 Schmidt,W-Khenkin,I/Lubniewice 1998/EXT 2000 (28)}) 19... Qe5 20. Qxb6
Bxe4 21. Rg3 f5 22. Rd1 Rb8 23. Qa7 Rb7 24. Qxa6 Ke7 25. Qa3+ Kf6 26. Qc1 h6
27. Bd3 Rc7 28. Qa1 Qxa1 29. Rxa1 f4 {0-1 Nielsen,P-Khenkin,I/Germany 1999/EXT
2000 (57)}) 18... Bb7 19. Qb2 (19. Rf3 O-O (19... Qe5 $5) 20. Rg3+ Kh8 21. Qe3
Rg8 22. Qh6 Rxg3 23. Qxf6+ Rg7 24. Rd8+ {1/2-1/2 Solozhenkin,E-Khenkin,I/
Reggio Emilia 2000}) (19. Rd6) 19... Qe5 (19... Rg8 $5) 20. Qxb6 Bxe4 {Dieser
Tausch ist nicht schlecht für Schwarz - er bekommt den Zentrumsbauern auf e4
für den schwachen Pb6.} 21. Rg3 (21. Re3 $2 O-O 22. f3 Rfb8 $17) 21... f5 22.
Kg1 $146 {Das ist die - natürlich vorbereitete - Neuerung. Die Idee des Zugs
ist, dass Weiß seinen Rg3 befreit, denn in vielen Varianten besteht das
schwarze Gegenspiel - nach einem Turmzug - im Eindrignen der Dame nach h2. Das
früher gespielte 22.Bxa6 verschafft Weiß keinen Eröffnungsvorteil. Insgesamt
jedoch bleibt die Stellung - wie die ganze Variante - unklar, mit vielen
taktischen Möglichkeiten.} (22. Bxa6 Ke7 $1 23. Qb4+ Kf6 24. Qd2 f4 $1 (24...
h6 $2 25. f4 Qc5 $6 26. Qb2+ Ke7 27. Rg6 $3 {1-0 Dautov,R-Schlosser,P/
Lippstadt 2000/CBM 78/[Dautov] (43)}) 25. Rg4 Rxa6 26. Rxf4+ Bf5 27. g4 Rg8 28.
gxf5 Qb5+ 29. Qd3 Qxd3+ 30. Rxd3 e5 31. Rff3 Rg4 $15 {Dautov}) 22... h6 {
[%mdl 256] Ein prophylaktischer Zug - Schwarz verteidigt das Feld g5, um nach
f5-f4 nicht mit Rg5 rechnen zu müssen.} (22... Ke7 23. Qb4+ Kf6 24. Rd7 Rae8
25. Bxa6) 23. Qb4 {[%cal Gb4f8]} (23. Bxa6 Ke7 $13) 23... f4 $13 {Der Rg3 muss
sich entscheiden - entweder für die g-Linie oder für die 3.Reihe. Schwarz hat
einen Mehrbauern, aber sein König steht unsicher in der Mitte.} 24. Rg4 Rb8 25.
Qa3 (25. Qa4+ Ke7 $13) 25... a5 {[%cal Gb8b4] Schwarz bereitet 27...Rb4 vor,
er möchte seinen König endlich in Sicherheit bringen.} 26. Bf3 Rb4 $5 $15 {
[%mdl 2048]} (26... Bxf3 27. Qxf3 Rb4 28. Qc6+ Ke7 29. Rd7+ Kf6 30. Rxf7+ Kxf7
31. Qd7+ Kf8 32. Qd8+ Kf7 $11) 27. Qc1 Ke7 28. Rxf4 Bxf3 29. Rxf3 (29. Rxb4 $2
axb4 30. gxf3 Rg8+ $19) 29... Rxh4 {Schwarz hat einen Mehrbauern, aber die
Realisierung des Materialvorteils ist keineswegs leicht, da Schwarz
prinzipiell Probleme bei der Platzierung seines Königs behält.} 30. g3 Re4 31.
Rc3 $44 {[%csl Re7][%cal Gc1c7,Gd1d7]} Rg8 {Schwarz kümmert sich nicht um die
Verteidigung des Ph6, sondern aktiviert den Turm.} 32. Rc7+ Kf6 33. Qxh6+ Rg6
$11 {Nach großen Komplikationen haben wir nun eine ausgeglichene Stellung
erreicht. Die weiße Stellung scheint minimal aktiver, Schwarz kann sich leicht
verteidigen.} 34. Qh8+ Rg7 35. Rcc1 (35. Qh6+ Rg6 $11) 35... Kg6 36. Kg2 Rh7
37. Qg8+ (37. Qxe5 Rxe5 $11) 37... Rg7 38. Qd8 (38. Qh8 $11) 38... Re2 39. Rc4
$1 {[%cal Rc4g4,Rg4g6]} f5 (39... Rxa2 $2 40. Rg4+ Kf5 41. Rxg7 Qxg7 42. Rd4
$18 {[%csl Rf5]}) (39... Re4 40. Qd3 f5 41. Rxe4 Qxe4+ 42. Qxe4 fxe4 43. Rd4 (
43. Rd6 Kf6 44. Ra6 Rg5 $11) 43... Kf5 44. Ra4 Ra7 45. Kf1 $16 {[%csl Re4]})
40. Rh4 {[%csl Gh4] Der Turm steht gut auf h4, er verteidigt die weiße
Königsstellung gegen Qe4+ und droht auf der h-Linie.} Qb2 (40... Qe3) 41. Kg1
Qc3 42. a4 Qf3 (42... Re1+ 43. Rxe1 Qxe1+ 44. Kg2 Qc3 45. Qe8+ $18) 43. Rf4 Qc6
44. Qd3 {[%cal Gf4g4,Gg4g6]} (44. Rh4 Qf3 $11) 44... Rh7 45. Rg4+ Kf7 46. Qd7+
{Weiß hat nichts besseres als den Damentausch. Nun ist die Stellung sofort
remis.} (46. Rh4 Rxh4 47. gxh4 Re4 $17) 46... Qxd7 47. Rxd7+ Kf6 48. Rxh7 fxg4
49. Ra7 (49. Ra7 Re5 $11) 1/2-1/2